| 000 | 00400nam a2200169Ia 4500 | ||
|---|---|---|---|
| 008 | 230524s9999 xx 000 0 und d | ||
| 020 | _a8129705397 | ||
| 082 |
_a621.3841 _bRAJ |
||
| 100 | _aG.S.N.Raju | ||
| 245 | 0 | _aAntennas and Wave Propagation | |
| 250 | _a1ST | ||
| 260 |
_aNEW DELHI _bPearson _c2005 |
||
| 300 | _a487 | ||
| 500 | _aQuantity Number: 4 | ||
| 650 | _aElectronics | ||
| 942 | _cBK | ||
| 999 |
_c4211 _d4211 |
||